Catalog

Record Details

Catalog Search



Available copies

  • 1 of 1 copy available at LARL/NWRL Consortium.
  • 1 of 1 copy available at Northwest Regional Library. (Show preferred library)

Current holds

0 current holds with 1 total copy.

Show Only Available Copies
Location Call Number / Copy Notes Barcode Shelving Location Status Due Date
Hallock Public Library j 796.092 MCC (Text) 35500006070039 Main Available -

Record details

  • ISBN: 9781683300731
  • ISBN: 1683300734
  • Physical Description: 125 pages : illustrations (some color) ; 25 cm
  • Edition: First edition.
  • Publisher: New York, NY : Liberty Street, an imprint of Time, Inc. Books, a division of Meredith Corporation, 2018.

Content descriptions

General Note:
"The 101 Stars Every Fan Needs To Know"--Cover.
Includes index.
Summary, etc.:
Offers profiles of over one hundred prominent ... Read More
Subject: Women athletes > Biography > Juvenile literature.
Illustrated children's books.
Genre: Biographies.
LDR 01456cam a2200373Ii 4500
001292901
003LARL_NWRL_CONSORTIUM
00520180719190346.0
008180409s2018 nyua j 001 0ceng d
010 . ‡a2017963815
020 . ‡a9781683300731
020 . ‡a1683300734
035 . ‡a(OCoLC)1033592641
040 . ‡aTOH ‡beng ‡erda ‡cTOH ‡dFBP ‡dOCLCO ‡dQQ3 ‡dUAP ‡dNYP ‡dOCLCA ‡dGZD
08204. ‡a796.092/252 ‡aB ‡223
092 . ‡a796.092252 ‡bM1331
1001 . ‡aMcCue, Elizabeth McGarr, ‡eauthor.
24510. ‡aWomen athletes who rule! / ‡cby Elizabeth McGarr McCue.
250 . ‡aFirst edition.
264 1. ‡aNew York, NY : ‡bLiberty Street, an imprint of Time, Inc. Books, a division of Meredith Corporation, ‡c2018.
300 . ‡a125 pages : ‡billustrations (some color) ; ‡c25 cm
336 . ‡atext ‡btxt ‡2rdacontent
336 . ‡astill image ‡bsti ‡2rdacontent
337 . ‡aunmediated ‡bn ‡2rdamedia
338 . ‡avolume ‡bnc ‡2rdacarrier
4900 . ‡aSports illustrated for kids
500 . ‡a"The 101 Stars Every Fan Needs To Know"--Cover.
520 . ‡aOffers profiles of over one hundred prominent women athletes that outline the impact they had on their sports, as well as the lives they lived, on and off the field.
500 . ‡aIncludes index.
650 0. ‡aWomen athletes ‡vBiography ‡vJuvenile literature.
650 0. ‡aIllustrated children's books. ‡0(LARL_NWRL_CONSORTIUM)22716
655 7. ‡aBiographies. ‡2lcgft
901 . ‡a292901 ‡b ‡c292901 ‡tbiblio

Additional Resources